Southville International School and Colleges
Your cart is empty.
  • Cart
  • Lists
    Public lists Eva Luna New books Lux_list list_1
    Your lists Log in to create your own lists
  • Log in to your account
  • Your cookies
  • Search history
Southville International School and Colleges
  • Advanced search
  • Recent comments
  • Most popular
  • Libraries

Log in to your account

Log in with GOOGLE


If you do not have an external account, but do have a local account, you can still log in:

  1. Home
  2. MARC view: Introduction to management science /
Normal view MARC view ISBD view

Introduction to management science / (Record no. 276073)

[ view plain ]
MARC details
000 -LEADER
fixed length control field 00424nam a2200157 a 4500
005 - DATE AND TIME OF LATEST TRANSACTION
control field 20141022141958.0
008 - FIXED-LENGTH DATA ELEMENTS--GENERAL INFORMATION
fixed length control field 120302s19uu xx 00 eng d
050 ## - LIBRARY OF CONGRESS CALL NUMBER
Classification number CD-ROM
Item number In8 2008
100 ## - MAIN ENTRY--PERSONAL NAME
Personal name Hillier, Frederick
245 ## - TITLE STATEMENT
Title Introduction to management science /
Statement of responsibility, etc Frederick Hillier, et al.
260 ## - PUBLICATION, DISTRIBUTION, ETC. (IMPRINT)
Date of publication, distribution, etc 2008.
700 ## - ADDED ENTRY--PERSONAL NAME
Personal name Hillier, Mark
700 ## - ADDED ENTRY--PERSONAL NAME
Personal name Schmedders, Karl
700 ## - ADDED ENTRY--PERSONAL NAME
Personal name Stephens, Molly
942 ## - ADDED ENTRY ELEMENTS (KOHA)
Koha item type Audio Visual Materials
Holdings
Withdrawn status Lost status Damaged status Home library Current library Shelving location Date acquired Total Checkouts Total Renewals Full call number Barcode Date last seen Date checked out Price effective from Koha item type
      College Library College Library Audio Visual Material Section 03/02/2012 1 9 CD-ROM In8 2008 M0017 03/08/2019 01/03/2019 04/12/2014 Audio Visual Materials

Introduction to management science /

APA

Hillier F., Hillier M., Schmedders K. & Stephens M. (2008). Introduction to management science. : .

Chicago

Hillier Frederick, Hillier Mark, Schmedders Karl and Stephens Molly. 2008. Introduction to management science. : .

Harvard

Hillier F., Hillier M., Schmedders K. and Stephens M. (2008). Introduction to management science. : .

MLA

Hillier Frederick, Hillier Mark, Schmedders Karl and Stephens Molly. Introduction to management science. : . 2008.

  • Place hold
  • Print
  • Cite
  • Add to your cart (remove)
  • Save record
    BIBTEX Dublin Core MARCXML MARC (non-Unicode/MARC-8) MARC (Unicode/UTF-8) MARC (Unicode/UTF-8, Standard) MODS (XML) RIS
  • More searches
    Search for this title in:
    Other Libraries (WorldCat) Other Databases (Google Scholar) Online Stores (Bookfinder.com) Open Library (openlibrary.org)

Exporting to Dublin Core...

SOUTHVILLE LIBRARY

Southville International School and Colleges Library

1281 Tropical Ave. Cor. Luxembourg St., BF Homes International, Las Pinas City

Tel. No. 8256374 / 252358 Loc. 117/146

Powered by Koha